|
|
|
|
| LEADER |
00000nam0a2200000 4500 |
| 001 |
251248 |
| 005 |
20231101232635.0 |
| 035 |
|
|
|a (RuTPU)RU\TPU\book\273516
|
| 035 |
|
|
|a RU\TPU\book\273512
|
| 090 |
|
|
|a 251248
|
| 100 |
|
|
|a 20140220d1969 m y0rusy50 ca
|
| 101 |
0 |
|
|a rus
|
| 102 |
|
|
|a RU
|
| 105 |
|
|
|a a j 000zy
|
| 200 |
1 |
|
|a Пособие по химии для поступающих в институт
|f С. А. Жванко [и др.]
|g Московский государственный институт стали и сплавов (МИСиС) ; под ред. Н. П. Галкина и С. А. Жванко
|
| 210 |
|
|
|a Москва
|c Изд-во МИСиС
|d 1969
|
| 215 |
|
|
|a 126 с.
|c ил.
|
| 606 |
1 |
|
|a Химия
|2 stltpush
|3 (RuTPU)RU\TPU\subj\17362
|9 43035
|
| 610 |
1 |
|
|a учебные пособия
|
| 610 |
1 |
|
|a неорганическая химия
|
| 610 |
1 |
|
|a химические законы
|
| 610 |
1 |
|
|a неорганические соединения
|
| 610 |
1 |
|
|a химические растворы
|
| 610 |
1 |
|
|a электролитическая диссоциация
|
| 610 |
1 |
|
|a периодический закон Менделеева
|
| 610 |
1 |
|
|a периодическая система элементов
|
| 610 |
1 |
|
|a органическая химия
|
| 610 |
1 |
|
|a органические соединения
|
| 610 |
1 |
|
|a классификация
|
| 610 |
1 |
|
|a химические задачи
|
| 610 |
1 |
|
|a решение
|
| 675 |
|
|
|a 54(075.4)
|v 3
|
| 701 |
|
1 |
|a Жванко
|b С. А.
|
| 701 |
|
1 |
|a Карликова
|b З. М.
|
| 701 |
|
1 |
|a Орехов
|b В. Т.
|
| 701 |
|
1 |
|a Стратонов
|b В. П.
|
| 701 |
|
1 |
|a Титов
|b Л. Г.
|
| 702 |
|
1 |
|a Галкин
|b Н. П.
|4 340
|
| 702 |
|
1 |
|a Жванко
|b С. А.
|4 340
|
| 712 |
0 |
2 |
|a Московский государственный институт стали и сплавов (МИСиС)
|c (1962-2008)
|2 stltpush
|3 (RuTPU)RU\TPU\col\180
|
| 801 |
|
1 |
|a RU
|b 63413507
|c 20140220
|
| 801 |
|
2 |
|a RU
|b 63413507
|c 20140224
|g RCR
|
| 942 |
|
|
|c BK
|